000 00769cab a2200265 4500
001 ABS46506
008 090401t1992 xxu||||| |||| 00| 0 eng d
035 _a(Sirsi) u58591
041 _aeng
100 _aDavis, R.
245 _aInsolvency in the construction industry
260 _c1992
350 _a0
490 _aSolicitors` Journal
_v136(24) 19 June 1992, 596-567(2)
520 _aExamines the law and practice of insolvency in relation to the construction industry.
650 _aEMSON EASTERN V EME DEVELOPMENTS
650 _aINSOLVENCY ACT 1986
650 _aPLANT
650 _aRETENTION
650 _aSET-OFF
650 _aTERMINATION CLAUSES
690 _aBUILT ENVIRONMENT-BUILDING CONTRACT FORMS
942 _n0
948 _c04/03/1997
999 _c35803
_d35803